00638nam a2200193Ia 4500008004100000020001500041041001200056082001600068100002300084245006700107250000800174260003900182300000800221650001600229700001500245942000700260999001500267952016200282221030s9999 xx 000 0 und d a8177587633 aEnglish a105.23bFlo aT. L. Floyd ( PR ) 0aDigital Fundamentals ( PR )cby T. L. Floyd ( PR ), R. P. Jain a8th bPearson EducationaNew Delhic2007 a582 aBE Computer aR. P. Jain cBK c3600d3600 pBE 8928g325.00l0o105.23 Flor2022-10-30 00:00:00w2022-10-30yBK003Print4070aMIETLIBbMIETLIBcBL-Payment, FL-1, CUP-93, SH-4, R-4d2006-11-3010HBE